Colourage (Record no. 11835)

MARC details
000 -LEADER
fixed length control field 00487nas a22001817a 4500
003 - CONTROL NUMBER IDENTIFIER
control field OSt
005 - DATE AND TIME OF LATEST TRANSACTION
control field 20230222110933.0
008 - FIXED-LENGTH DATA ELEMENTS--GENERAL INFORMATION
fixed length control field 230221b ||||| |||| 00| 0 eng d
022 ## - INTERNATIONAL STANDARD SERIAL NUMBER
Source 00101826
040 ## - CATALOGING SOURCE
Transcribing agency NA
082 ## - DEWEY DECIMAL CLASSIFICATION NUMBER
Classification number 677
Item number Textile
245 ## - TITLE STATEMENT
Title Colourage
Remainder of title The Magazine for Textile and Garment Processing
Statement of responsibility, etc Dilip Raghavan
Medium English
260 ## - PUBLICATION, DISTRIBUTION, ETC. (IMPRINT)
Place of publication, distribution, etc Mumbai
Name of publisher, distributor, etc Vindhya Press
310 ## - CURRENT PUBLICATION FREQUENCY
Current publication frequency Monthly
650 ## - SUBJECT ADDED ENTRY--TOPICAL TERM
Topical term or geographic name as entry element Textile
856 ## - ELECTRONIC LOCATION AND ACCESS
Uniform Resource Identifier <a href="https://colourpublications.in/">https://colourpublications.in/</a>
942 ## - ADDED ENTRY ELEMENTS (KOHA)
Source of classification or shelving scheme Dewey Decimal Classification
Koha item type Periodicals
Serial record 1
Holdings
Withdrawn status Lost status Source of classification or shelving scheme Damaged status Not for loan Home library Current library Shelving location Date acquired Serial Enumeration / Volume No. Total Checkouts Date last seen Bill Date Koha item type
    Dewey Decimal Classification     PIET C-LIBRARY PIET C-LIBRARY Periodical Section 22/02/2023 Vol 70, No 1   22/02/2023 22/02/2023 Periodicals

Design & Developed by: PIET Central Library
R70 Miles Stone Pattikalyana Samalkha Panipat 132102
mail ID :- [email protected], Phone No:- 0180-2569700 Ex.216